Statystyki dla Ubrania na literę K

Kliknij tutaj aby rozwiązać quiz!

Ogólne statystyki

  • Ten quiz został rozwiązany 210 razy
  • Średni wynik to 10 z 27

Statystyki odpowiedzi

Ubranie% Poprawnych
koszula
84%
koszulka
82%
kurtka
78%
krawat
69%
kamizelka
66%
kapelusz
65%
kalosze
50%
klapki
50%
kalesony
48%
kozaki
47%
kapcie
46%
kombinezon
40%
kolczyki
33%
kaszkiet
31%
komin
31%
kabaretki
30%
kożuch
28%
kardigan
21%
kask
21%
kimono
21%
kąpielówki
20%
katana
19%
kostium kąpielowy
17%
kominiarka
16%
koloratka
8%
kitel
6%
kangurka
1%

Rozkład punktacji

Percentyl według liczby udzielonych odpowiedzi

Procent ludzi z każdym wynikiem

Twoja historia wyników

Nie rozwiązałeś tego quizu